00502nam a2200169 a 4500008004100000020001500041050001500056100003000071245007200101246002600173250001200199260004100211300002200252350000900274650002500283700002400308120416s1998 ||||||||||||||||| || u a075062583X aVM 770 Pou aPounder, Cuthbert Coulson10aPounder's marine diesel engines. (7th ed.)cedited by Doug Woodyard aMarine diesel engines a7th ed. aOxford:bButterworth-Heinemannc1998 axxi, 637p. : ill. a0.00 aMarine diesel motors aWoodyard, Douglas F